<?xml version="1.0" encoding="UTF-8"?>
<record
    xmlns:xsi="http://www.w3.org/2001/XMLSchema-instance"
    xsi:schemaLocation="http://www.loc.gov/MARC21/slim http://www.loc.gov/standards/marcxml/schema/MARC21slim.xsd"
    xmlns="http://www.loc.gov/MARC21/slim">

  <leader>00676nam a22001937a 4500</leader>
  <datafield tag="999" ind1=" " ind2=" ">
    <subfield code="c">172118</subfield>
    <subfield code="d">172118</subfield>
  </datafield>
  <controlfield tag="005">20200128113937.0</controlfield>
  <datafield tag="010" ind1=" " ind2=" ">
    <subfield code="a">UR-10691</subfield>
  </datafield>
  <datafield tag="020" ind1=" " ind2=" ">
    <subfield code="c">220.00</subfield>
    <subfield code="a">-</subfield>
  </datafield>
  <datafield tag="035" ind1=" " ind2=" ">
    <subfield code="a">U-9246</subfield>
  </datafield>
  <datafield tag="037" ind1=" " ind2=" ">
    <subfield code="b">DBAD/PUB</subfield>
    <subfield code="a">-</subfield>
  </datafield>
  <datafield tag="082" ind1=" " ind2=" ">
    <subfield code="a">844.8</subfield>
  </datafield>
  <datafield tag="100" ind1=" " ind2=" ">
    <subfield code="a">&#x639;&#x635;&#x645;&#x62A; &#x686;&#x63A;&#x62A;&#x627; &#x626;</subfield>
  </datafield>
  <datafield tag="245" ind1=" " ind2=" ">
    <subfield code="a">&#x639;&#x635;&#x645;&#x62A; &#x686;&#x63A;&#x62A;&#x627; &#x626; &#x62A;&#x627; &#x646;&#x64A;&#x62B;&#x64A;&#x62A; &#x6A9;&#x6CC; &#x67E;&#x6C1;&#x644;&#x6CC; &#x622; &#x648; &#x627; &#x632; </subfield>
    <subfield code="c">&#x639;&#x635;&#x645;&#x62A; &#x686;&#x63A;&#x62A;&#x627; &#x626;</subfield>
  </datafield>
  <datafield tag="246" ind1=" " ind2=" ">
    <subfield code="b">Ismat Chughtai Taaneesi-Ki Pehli Aawaaz (Urdu)</subfield>
    <subfield code="a">by Ismat Chughtai</subfield>
  </datafield>
  <datafield tag="260" ind1=" " ind2=" ">
    <subfield code="a">Rajisthan</subfield>
    <subfield code="b">Rajisthan Urdu Academy</subfield>
    <subfield code="c">2017&#x621;</subfield>
  </datafield>
  <datafield tag="270" ind1=" " ind2=" ">
    <subfield code="a">J-15,Jhalana Institutional Area,</subfield>
    <subfield code="b">Delhi Jaipur </subfield>
    <subfield code="e">302004</subfield>
    <subfield code="k">0141-2709771</subfield>
    <subfield code="l">-</subfield>
  </datafield>
  <datafield tag="300" ind1=" " ind2=" ">
    <subfield code="a">176 &#x635; </subfield>
    <subfield code="c">22 Cm(Hb)</subfield>
  </datafield>
  <datafield tag="942" ind1=" " ind2=" ">
    <subfield code="2">ddc</subfield>
    <subfield code="c">UR</subfield>
    <subfield code="h">844.8</subfield>
    <subfield code="m">&#x686; &#x63A; &#x62A; </subfield>
  </datafield>
  <datafield tag="952" ind1=" " ind2=" ">
    <subfield code="0">0</subfield>
    <subfield code="1">0</subfield>
    <subfield code="4">0</subfield>
    <subfield code="7">0</subfield>
    <subfield code="a">L</subfield>
    <subfield code="b">L</subfield>
    <subfield code="d">2020-01-28</subfield>
    <subfield code="e">BPPD/Ven.</subfield>
    <subfield code="g">220.00</subfield>
    <subfield code="l">1</subfield>
    <subfield code="o">844.8 &#x686; &#x63A; &#x62A;</subfield>
    <subfield code="p">U-9246</subfield>
    <subfield code="r">2022-08-16 00:00:00</subfield>
    <subfield code="s">2022-08-01</subfield>
    <subfield code="t">1</subfield>
    <subfield code="v">220.00</subfield>
    <subfield code="y">UR</subfield>
  </datafield>
</record>
